000 00369nam a2200157Ia 4500
005 20240807062421.0
008 240806s9999||||xx |||||||||||||| ||eng||
041 _aeng
082 _a891.433
_bSHAS
100 _aSharatchandra
245 0 _aShubhadra /
_cSharatchandra
260 _bSanmarg Prakashan Delhi
300 _a0
650 _aGeneral Studies
942 _cBK
999 _c18316
_d18316